Luciérnagas en El Mozote. Rufina Amaya Mark Danner y Carlos Henríquez Consalvi. El Salvador: Ediciones de la Palabra y la Imagen. 2011. 156 páginas /
En el año 2011 empezó a circular la novena edición de un texto que se ha convertido en un referente importante en el tema de la memoria histórica de las represiones y desapariciones en Centroamérica: Luciérnagas en el mozote. La siguiente reseña busca subrayar la importancia de este texto por su con...
Guardado en:
| Autor principal: | |
|---|---|
| Formato: | Texto |
| Lenguaje: | Spanish |
| Materias: | |
| Etiquetas: |
Agregar Etiqueta
Sin Etiquetas, Sea el primero en etiquetar este registro!
|
MARC
| LEADER | 00000 a a2200000 04500 | ||
|---|---|---|---|
| 003 | cru CRAI/IIS | ||
| 005 | 20210608145027.0 | ||
| 008 | 210608b |||||||| |||| 00| 0 spa d | ||
| 040 | |c cru CRAI/IIS | ||
| 100 | 1 | |9 33 |a Mora Solano, Sindy |e Reseñadora | |
| 245 | 1 | |a Luciérnagas en El Mozote. Rufina Amaya Mark Danner y Carlos Henríquez Consalvi. El Salvador: Ediciones de la Palabra y la Imagen. 2011. 156 páginas / |c reseña por Sindy Mora Solano | |
| 300 | |a páginas 379-380 | ||
| 500 | |a Colección Centroamérica | ||
| 500 | |a Reseña del Texto | ||
| 520 | |a En el año 2011 empezó a circular la novena edición de un texto que se ha convertido en un referente importante en el tema de la memoria histórica de las represiones y desapariciones en Centroamérica: Luciérnagas en el mozote. La siguiente reseña busca subrayar la importancia de este texto por su contribución a la problematización del exterminio y la violencia en Centroamérica. RRH/JULIO2013 | ||
| 590 | |a RRH/JULIO2013 | ||
| 650 | 0 | |a HISTORIA |9 136 | |
| 650 | 0 | |a VIOLENCIA |9 133 | |
| 650 | 0 | |a REPRESION |9 134 | |
| 650 | 0 | |a MILITARES |9 9995 | |
| 650 | 0 | |a ESTADO |9 243 | |
| 650 | 0 | |a RESEÑAS BIBLIOGRAFICAS |9 2708 | |
| 651 | 4 | |9 1928 |a EL SALVADOR | |
| 773 | 0 | |0 18765 |9 5754 |a Universidad de Costa Rica. |d San José, Costa Rica: Editorial Universidad de Costa Rica, 1974- |o 15113 |t Anuario de Estudios Centroamericanos / |x 03777316 | |
| 942 | |2 ddc |c PP | ||
| 999 | |c 43698 |d 43698 | ||
